| 000 | 00466nam a2200193Ia 4500 | ||
|---|---|---|---|
| 003 | OSt | ||
| 005 | 20241009101040.0 | ||
| 008 | 230105s9999||||xx |||||||||||||| ||und|| | ||
| 020 | _a9966364455 | ||
| 040 | _cChuka University Library | ||
| 050 |
_a PL 8704 _b.M6N9 2010 |
||
| 082 | _b. | ||
| 100 |
_aMOHAMED,SAID A. _94097 |
||
| 245 | 0 | _aNyuso za Mwanamke | |
| 260 |
_aNairobi. _bLonghman _c2010 |
||
| 300 | _a342p | ||
| 650 |
_aFICTION _98449 |
||
| 942 |
_cBK _2lcc _02 |
||
| 999 |
_c6511 _d6511 |
||